[Event "CRO-chT3 West"]
[Site "Croatia"]
[Date "2011.04.09"]
[Round "4.53"]
[White "Monjac, Mislav"]
[Black "Sinkovic, Hrvoje"]
[Result "0-1"]
[WhiteElo "1982"]
[BlackElo "1873"]
[PlyCount "110"]
[EventDate "2011.03.12"]
[EventType "team-tourn"]
[EventRounds "9"]
[EventCountry "CRO"]
[SourceTitle "EXT 2014"]
[Source "ChessBase"]
[SourceDate "2013.11.20"]
[SourceVersion "1"]
[SourceVersionDate "2013.11.20"]
[SourceQuality "1"]

1. e4 c6 2. d4 d5 3. exd5 cxd5 4. c4 Nf6 5. Nc3 dxc4 6. Bxc4 e6 7. Nf3 Be7 8. 0-0 0-0 9. Re1 a6 10. a3 Qc7 11. Bd3 b5 12. Bg5 Bb7 13. Rc1 Qd6 14. Bb1 Nbd7 15. Ne5 Rfd8 16. Bf4 Qb6 17. Nxd7 Rxd7 18. Be5 Rad8 19. Qd3 g6 20. Qh3 Rxd4 21. Bxd4 Rxd4 22. Qe3 Bc5 23. b4 Rxb4 24. axb4 Bxe3 25. Rxe3 Ng4 26. Re2 Qd6 27. g3 Qxb4 28. Ne4 Kg7 29. h3 Nf6 30. Nxf6 Kxf6 31. Rce1 Bd5 32. Be4 Bc4 33. Re3 a5 34. Rb1 Qc5 35. Rc1 a4 36. Rf3+ Ke7 37. Rfc3 Qd4 38. Bf3 Bd5 39. Rc7+ Kf6 40. Rd7 Qb2 41. Rcc7 Bxf3 42. Rxf7+ Ke5 43. Rxf3 a3 44. Re3+ Kd6 45. Ra7 b4 46. Ra6+ Kd5 47. Ra5+ Kc4 48. Re4+ Kb3 49. Re3+ Ka2 50. Rxe6 Qc2 51. Rea6 Kb2 52. f4 Qb1+ 53. Kf2 a2 54. Rb6 b3 55. Rab5 Qc2+ 0-1

[Event "CRO-chT3 West"]
[Site "Croatia"]
[Date "2011.03.12"]
[Round "1.33"]
[White "Sinkovic, Hrvoje"]
[Black "Canic, Tomislav"]
[Result "1/2-1/2"]
[WhiteElo "1873"]
[BlackElo "2046"]
[PlyCount "67"]
[EventDate "2011.03.12"]
[EventType "team-tourn"]
[EventRounds "9"]
[EventCountry "CRO"]
[SourceTitle "EXT 2014"]
[Source "ChessBase"]
[SourceDate "2013.11.20"]
[SourceVersion "1"]
[SourceVersionDate "2013.11.20"]
[SourceQuality "1"]

1. e4 c5 2. Nc3 Nc6 3. Bc4 d6 4. h3 Nf6 5. Nf3 g6 6. 0-0 Bg7 7. d3 0-0 8. Be3 a6 9. a4 e5 10. Qd2 Nd4 11. Nh2 Rb8 12. Bg5 Ne6 13. Be3 b6 14. Rab1 a5 15. Nb5 Nh5 16. Na7 Bd7 17. Bb5 Qc7 18. Bxd7 Qxd7 19. Nb5 f5 20. f3 Nhf4 21. b3 d5 22. Rfe1 d4 23. Bxf4 Nxf4 24. Nf1 Qd8 25. Qf2 Bf6 26. Kh2 Nh5 27. Red1 f4 28. Nd2 Bh4 29. Qe2 Ng3 30. Qe1 Nf5 31. Qe2 Ng3 32. Qe1 h5 33. Nf1 Rb7 34. Qd2 1/2-1/2

[Event "CRO-ch U17"]
[Site "Bjelolasica"]
[Date "2007.08.05"]
[Round "9"]
[White "Sinkovic, Hrvoje"]
[Black "Havas, Janko"]
[Result "1/2-1/2"]
[WhiteElo "1863"]
[BlackElo "1875"]
[PlyCount "38"]
[EventDate "2007.07.30"]
[EventType "swiss"]
[EventRounds "9"]
[EventCountry "CRO"]
[SourceTitle "CBM 119 Extra"]
[Source "ChessBase"]
[SourceDate "2007.09.04"]
[SourceVersion "1"]
[SourceVersionDate "2007.09.04"]
[SourceQuality "1"]

1. e4 c5 2. Nf3 Nc6 3. d4 cxd4 4. Nxd4 Nf6 5. Nc3 e5 6. Ndb5 d6 7. Bg5 a6 8. Na3 b5 9. Nd5 Be7 10. Bxf6 Bxf6 11. c4 b4 12. Nc2 a5 13. Be2 Bg5 14. Qd3 0-0 15. Nce3 Bxe3 16. Nxe3 Nd4 17. 0-0 Bb7 18. Rae1 Qh4 19. Bg4 Qe7 1/2-1/2

[Event "CRO-chT U20 16th"]
[Site "Sv Filip i Jakov"]
[Date "2007.04.11"]
[Round "3"]
[White "Matic, Antonio"]
[Black "Sinkovic, Hrvoje"]
[Result "0-1"]
[WhiteElo "1651"]
[BlackElo "1890"]
[PlyCount "47"]
[EventDate "2007.04.10"]
[EventType "team-tourn"]
[EventRounds "11"]
[EventCountry "CRO"]
[SourceTitle "EXT 2010"]
[Source "ChessBase"]
[SourceDate "2010.11.25"]
[SourceVersion "1"]
[SourceVersionDate "2010.11.25"]
[SourceQuality "1"]

1. e4 c6 2. d4 d5 3. Nc3 dxe4 4. Nxe4 Bf5 5. Nc3 Nf6 6. Nf3 e6 7. Bf4 Nbd7 8. h3 Bb4 9. Bd3 Nd5 10. Bd2 Bxd3 11. cxd3 N7f6 12. Ne4 0-0 13. 0-0 Qb6 14. Be3 Be7 15. b3 Rad8 16. Ne5 Qc7 17. Qd2 Nxe3 18. fxe3 Nxe4 19. dxe4 Qxe5 20. dxe5 Rxd2 21. Rfd1 Rxd1+ 22. Rxd1 Rd8 23. Rxd8+ Bxd8 24. Kf2 0-1